<?xml version="1.0" encoding="UTF-8"?>
<record
    xmlns:xsi="http://www.w3.org/2001/XMLSchema-instance"
    xsi:schemaLocation="http://www.loc.gov/MARC21/slim http://www.loc.gov/standards/marcxml/schema/MARC21slim.xsd"
    xmlns="http://www.loc.gov/MARC21/slim">

  <leader>03888nam a22003017a 4500</leader>
  <controlfield tag="003">NALT</controlfield>
  <controlfield tag="005">20250616135926.0</controlfield>
  <controlfield tag="008">      s2556    th                  tha d</controlfield>
  <datafield tag="020" ind1=" " ind2=" ">
    <subfield code="a">9786160818167</subfield>
  </datafield>
  <datafield tag="020" ind1=" " ind2=" ">
    <subfield code="a">9786160819294</subfield>
  </datafield>
  <datafield tag="040" ind1=" " ind2=" ">
    <subfield code="a">NALT</subfield>
  </datafield>
  <datafield tag="041" ind1=" " ind2=" ">
    <subfield code="a">tha</subfield>
  </datafield>
  <datafield tag="050" ind1=" " ind2=" ">
    <subfield code="a">HF 5549.5.M3 </subfield>
    <subfield code="b">&#xE27;171&#xE01; 2556</subfield>
  </datafield>
  <datafield tag="100" ind1="0" ind2=" ">
    <subfield code="a">&#xE27;&#xE19;&#xE34;&#xE14;&#xE32; &#xE27;&#xE32;&#xE14;&#xE35;&#xE40;&#xE08;&#xE23;&#xE34;&#xE0D;.</subfield>
    <subfield code="9">24832</subfield>
  </datafield>
  <datafield tag="245" ind1="1" ind2="0">
    <subfield code="a">&#xE01;&#xE32;&#xE23;&#xE08;&#xE31;&#xE14;&#xE01;&#xE32;&#xE23;&#xE17;&#xE23;&#xE31;&#xE1E;&#xE22;&#xE32;&#xE01;&#xE23;&#xE21;&#xE19;&#xE38;&#xE29;&#xE22;&#xE4C; &#xE08;&#xE32;&#xE01;&#xE41;&#xE19;&#xE27;&#xE04;&#xE34;&#xE14; &#xE17;&#xE24;&#xE29;&#xE0E;&#xE35; &#xE2A;&#xE39;&#xE48;&#xE20;&#xE32;&#xE04;&#xE1B;&#xE0F;&#xE34;&#xE1A;&#xE31;&#xE15;&#xE34; /</subfield>
    <subfield code="c">&#xE27;&#xE19;&#xE34;&#xE14;&#xE32; &#xE27;&#xE32;&#xE14;&#xE35;&#xE40;&#xE08;&#xE23;&#xE34;&#xE0D;, &#xE2D;&#xE18;&#xE34;&#xE27;&#xE31;&#xE12;&#xE19;&#xE4C; &#xE01;&#xE32;&#xE0D;&#xE08;&#xE19;&#xE27;&#xE13;&#xE34;&#xE0A;&#xE22;&#xE4C;, &#xE2A;&#xE21;&#xE1A;&#xE31;&#xE15;&#xE34; &#xE17;&#xE35;&#xE06;&#xE17;&#xE23;&#xE31;&#xE1E;&#xE22;&#xE4C;.</subfield>
    <subfield code="h">[electronic resource]</subfield>
  </datafield>
  <datafield tag="260" ind1=" " ind2=" ">
    <subfield code="a">&#xE01;&#xE23;&#xE38;&#xE07;&#xE40;&#xE17;&#xE1E;&#xE2F; : </subfield>
    <subfield code="b">&#xE0B;&#xE35;&#xE40;&#xE2D;&#xE47;&#xE14;&#xE22;&#xE39;&#xE40;&#xE04;&#xE0A;&#xE31;&#xE48;&#xE19;, </subfield>
    <subfield code="c">2556.</subfield>
  </datafield>
  <datafield tag="300" ind1=" " ind2=" ">
    <subfield code="a">295 &#xE2B;&#xE19;&#xE49;&#xE32; :</subfield>
    <subfield code="b">&#xE20;&#xE32;&#xE1E;&#xE1B;&#xE23;&#xE30;&#xE01;&#xE2D;&#xE1A;, &#xE15;&#xE32;&#xE23;&#xE32;&#xE07; ;</subfield>
    <subfield code="c">22 &#xE0B;&#xE21;.</subfield>
  </datafield>
  <datafield tag="300" ind1=" " ind2=" ">
    <subfield code="a">Online resource</subfield>
  </datafield>
  <datafield tag="505" ind1=" " ind2=" ">
    <subfield code="a">    </subfield>
    <subfield code="u">                 </subfield>
  </datafield>
  <datafield tag="520" ind1=" " ind2=" ">
    <subfield code="a">&#xE2B;&#xE19;&#xE31;&#xE07;&#xE2A;&#xE37;&#xE2D; "&#xE01;&#xE32;&#xE23;&#xE08;&#xE31;&#xE14;&#xE01;&#xE32;&#xE23;&#xE17;&#xE23;&#xE31;&#xE1E;&#xE22;&#xE32;&#xE01;&#xE23;&#xE21;&#xE19;&#xE38;&#xE29;&#xE22;&#xE4C; &#xE08;&#xE32;&#xE01;&#xE41;&#xE19;&#xE27;&#xE04;&#xE34;&#xE14; &#xE17;&#xE24;&#xE29;&#xE0E;&#xE35; &#xE2A;&#xE39;&#xE48;&#xE20;&#xE32;&#xE04;&#xE1B;&#xE0F;&#xE34;&#xE1A;&#xE31;&#xE15;&#xE34;" &#xE40;&#xE25;&#xE48;&#xE21;&#xE19;&#xE35;&#xE49; &#xE04;&#xE23;&#xE2D;&#xE1A;&#xE04;&#xE25;&#xE38;&#xE21;&#xE1B;&#xE23;&#xE30;&#xE40;&#xE14;&#xE47;&#xE19;&#xE2A;&#xE33;&#xE04;&#xE31;&#xE0D;&#xE02;&#xE2D;&#xE07;&#xE01;&#xE32;&#xE23;&#xE1A;&#xE23;&#xE34;&#xE2B;&#xE32;&#xE23;&#xE08;&#xE31;&#xE14;&#xE01;&#xE32;&#xE23;&#xE17;&#xE23;&#xE31;&#xE1E;&#xE22;&#xE32;&#xE01;&#xE23;&#xE21;&#xE19;&#xE38;&#xE29;&#xE22;&#xE4C;&#xE2A;&#xE39;&#xE48;&#xE04;&#xE27;&#xE32;&#xE21;&#xE40;&#xE1B;&#xE47;&#xE19;&#xE40;&#xE25;&#xE34;&#xE28;&#xE02;&#xE2D;&#xE07;&#xE2D;&#xE07;&#xE04;&#xE4C;&#xE01;&#xE23; &#xE42;&#xE14;&#xE22;&#xE44;&#xE14;&#xE49;&#xE2B;&#xE22;&#xE34;&#xE1A;&#xE22;&#xE01;&#xE01;&#xE23;&#xE13;&#xE35;&#xE28;&#xE36;&#xE01;&#xE29;&#xE32;&#xE02;&#xE2D;&#xE07;&#xE1A;&#xE23;&#xE34;&#xE29;&#xE31;&#xE17;&#xE0A;&#xE31;&#xE49;&#xE19;&#xE19;&#xE33;&#xE17;&#xE31;&#xE49;&#xE07;&#xE43;&#xE19;&#xE41;&#xE25;&#xE30;&#xE15;&#xE48;&#xE32;&#xE07;&#xE1B;&#xE23;&#xE30;&#xE40;&#xE17;&#xE28; &#xE40;&#xE02;&#xE49;&#xE32;&#xE21;&#xE32;&#xE1B;&#xE23;&#xE30;&#xE01;&#xE2D;&#xE1A;&#xE44;&#xE27;&#xE49;&#xE40;&#xE1E;&#xE37;&#xE48;&#xE2D;&#xE40;&#xE1B;&#xE47;&#xE19;&#xE15;&#xE31;&#xE27;&#xE2D;&#xE22;&#xE48;&#xE32;&#xE07;&#xE41;&#xE25;&#xE30;&#xE41;&#xE19;&#xE27;&#xE17;&#xE32;&#xE07;&#xE43;&#xE19;&#xE20;&#xE32;&#xE04;&#xE1B;&#xE0F;&#xE34;&#xE1A;&#xE31;&#xE15;&#xE34; &#xE19;&#xE2D;&#xE01;&#xE08;&#xE32;&#xE01;&#xE19;&#xE35;&#xE49;&#xE22;&#xE31;&#xE07;&#xE21;&#xE35;&#xE15;&#xE31;&#xE27;&#xE2D;&#xE22;&#xE48;&#xE32;&#xE07;&#xE41;&#xE1A;&#xE1A;&#xE1F;&#xE2D;&#xE23;&#xE4C;&#xE21;&#xE15;&#xE48;&#xE32;&#xE07; &#xE46; &#xE43;&#xE19;&#xE01;&#xE32;&#xE23;&#xE1A;&#xE23;&#xE34;&#xE2B;&#xE32;&#xE23;&#xE07;&#xE32;&#xE19;&#xE1A;&#xE38;&#xE04;&#xE04;&#xE25; &#xE44;&#xE14;&#xE49;&#xE41;&#xE01;&#xE48; &#xE41;&#xE1A;&#xE1A;&#xE1F;&#xE2D;&#xE23;&#xE4C;&#xE21;&#xE01;&#xE32;&#xE23;&#xE08;&#xE49;&#xE32;&#xE07;&#xE07;&#xE32;&#xE19; &#xE01;&#xE32;&#xE23;&#xE1A;&#xE23;&#xE23;&#xE08;&#xE38;&#xE41;&#xE15;&#xE48;&#xE07;&#xE15;&#xE31;&#xE49;&#xE07; &#xE01;&#xE32;&#xE23;&#xE40;&#xE25;&#xE34;&#xE01;&#xE08;&#xE49;&#xE32;&#xE07; &#xE41;&#xE25;&#xE30;&#xE01;&#xE32;&#xE23;&#xE25;&#xE32;&#xE2D;&#xE2D;&#xE01; &#xE0B;&#xE36;&#xE48;&#xE07;&#xE2A;&#xE32;&#xE21;&#xE32;&#xE23;&#xE16;&#xE19;&#xE33;&#xE44;&#xE1B;&#xE40;&#xE1B;&#xE47;&#xE19;&#xE15;&#xE31;&#xE27;&#xE2D;&#xE22;&#xE48;&#xE32;&#xE07;&#xE1B;&#xE23;&#xE30;&#xE22;&#xE38;&#xE01;&#xE15;&#xE4C;&#xE43;&#xE0A;&#xE49;&#xE20;&#xE32;&#xE22;&#xE43;&#xE19;&#xE2D;&#xE07;&#xE04;&#xE4C;&#xE01;&#xE23; &#xE42;&#xE14;&#xE22;&#xE04;&#xE13;&#xE30;&#xE1C;&#xE39;&#xE49;&#xE40;&#xE02;&#xE35;&#xE22;&#xE19;&#xE21;&#xE35;&#xE04;&#xE27;&#xE32;&#xE21;&#xE1B;&#xE23;&#xE30;&#xE2A;&#xE07;&#xE04;&#xE4C;&#xE27;&#xE48;&#xE32; &#xE2B;&#xE19;&#xE31;&#xE07;&#xE2A;&#xE37;&#xE2D;&#xE40;&#xE25;&#xE48;&#xE21;&#xE19;&#xE35;&#xE49;&#xE2A;&#xE32;&#xE21;&#xE32;&#xE23;&#xE16;&#xE43;&#xE0A;&#xE49;&#xE40;&#xE1B;&#xE47;&#xE19;&#xE15;&#xE33;&#xE23;&#xE32;&#xE1B;&#xE23;&#xE30;&#xE01;&#xE2D;&#xE1A;&#xE01;&#xE32;&#xE23;&#xE2A;&#xE2D;&#xE19;&#xE43;&#xE2B;&#xE49;&#xE41;&#xE01;&#xE48;&#xE19;&#xE31;&#xE01;&#xE28;&#xE36;&#xE01;&#xE29;&#xE32;&#xE43;&#xE19;&#xE23;&#xE30;&#xE14;&#xE31;&#xE1A;&#xE2D;&#xE38;&#xE14;&#xE21;&#xE28;&#xE36;&#xE01;&#xE29;&#xE32; &#xE17;&#xE31;&#xE49;&#xE07;&#xE1B;&#xE23;&#xE34;&#xE0D;&#xE0D;&#xE32;&#xE15;&#xE23;&#xE35;&#xE41;&#xE25;&#xE30;&#xE1B;&#xE23;&#xE34;&#xE0D;&#xE0D;&#xE32;&#xE42;&#xE17; &#xE2A;&#xE32;&#xE21;&#xE32;&#xE23;&#xE16;&#xE43;&#xE0A;&#xE49;&#xE40;&#xE1B;&#xE47;&#xE19;&#xE41;&#xE19;&#xE27;&#xE17;&#xE32;&#xE07;&#xE43;&#xE19;&#xE01;&#xE32;&#xE23;&#xE1A;&#xE23;&#xE34;&#xE2B;&#xE32;&#xE23;&#xE08;&#xE31;&#xE14;&#xE01;&#xE32;&#xE23;&#xE17;&#xE23;&#xE31;&#xE1E;&#xE22;&#xE32;&#xE01;&#xE23;&#xE21;&#xE19;&#xE38;&#xE29;&#xE22;&#xE4C;&#xE43;&#xE19;&#xE20;&#xE32;&#xE04;&#xE1B;&#xE0F;&#xE34;&#xE1A;&#xE31;&#xE15;&#xE34;&#xE43;&#xE2B;&#xE49;&#xE41;&#xE01;&#xE48;&#xE1C;&#xE39;&#xE49;&#xE08;&#xE31;&#xE14;&#xE01;&#xE32;&#xE23;&#xE1D;&#xE48;&#xE32;&#xE22;&#xE17;&#xE23;&#xE31;&#xE1E;&#xE22;&#xE32;&#xE01;&#xE23;&#xE21;&#xE19;&#xE38;&#xE29;&#xE22;&#xE4C; &#xE1C;&#xE39;&#xE49;&#xE1B;&#xE23;&#xE30;&#xE01;&#xE2D;&#xE1A;&#xE01;&#xE32;&#xE23;&#xE43;&#xE19;&#xE20;&#xE32;&#xE04;&#xE18;&#xE38;&#xE23;&#xE01;&#xE34;&#xE08; &#xE41;&#xE25;&#xE30;&#xE1C;&#xE39;&#xE49;&#xE1A;&#xE23;&#xE34;&#xE2B;&#xE32;&#xE23;&#xE2D;&#xE07;&#xE04;&#xE4C;&#xE01;&#xE23;&#xE17;&#xE31;&#xE48;&#xE27;&#xE44;&#xE1B; &#xE2A;&#xE32;&#xE21;&#xE32;&#xE23;&#xE16;&#xE19;&#xE33;&#xE2D;&#xE07;&#xE04;&#xE4C;&#xE04;&#xE27;&#xE32;&#xE21;&#xE23;&#xE39;&#xE49;&#xE17;&#xE35;&#xE48;&#xE44;&#xE14;&#xE49;&#xE08;&#xE32;&#xE01;&#xE2B;&#xE19;&#xE31;&#xE07;&#xE2A;&#xE37;&#xE2D;&#xE40;&#xE25;&#xE48;&#xE21;&#xE19;&#xE35;&#xE49;&#xE44;&#xE1B;&#xE1B;&#xE23;&#xE30;&#xE22;&#xE38;&#xE01;&#xE15;&#xE4C;&#xE43;&#xE0A;&#xE49;&#xE20;&#xE32;&#xE22;&#xE43;&#xE19;&#xE2D;&#xE07;&#xE04;&#xE4C;&#xE01;&#xE23;&#xE43;&#xE2B;&#xE49;&#xE40;&#xE01;&#xE34;&#xE14;&#xE1B;&#xE23;&#xE30;&#xE42;&#xE22;&#xE0A;&#xE19;&#xE4C;&#xE2A;&#xE39;&#xE07;&#xE2A;&#xE38;&#xE14; &#xE40;&#xE1E;&#xE37;&#xE48;&#xE2D;&#xE2A;&#xE23;&#xE49;&#xE32;&#xE07;&#xE04;&#xE27;&#xE32;&#xE21;&#xE44;&#xE14;&#xE49;&#xE40;&#xE1B;&#xE23;&#xE35;&#xE22;&#xE1A;&#xE43;&#xE19;&#xE01;&#xE32;&#xE23;&#xE41;&#xE02;&#xE48;&#xE07;&#xE02;&#xE31;&#xE19;&#xE43;&#xE2B;&#xE49;&#xE01;&#xE31;&#xE1A;&#xE2D;&#xE07;&#xE04;&#xE4C;&#xE01;&#xE23;&#xE43;&#xE19;&#xE2D;&#xE19;&#xE32;&#xE04;&#xE15;.</subfield>
  </datafield>
  <datafield tag="650" ind1=" " ind2="4">
    <subfield code="a">&#xE01;&#xE32;&#xE23;&#xE1A;&#xE23;&#xE34;&#xE2B;&#xE32;&#xE23;&#xE07;&#xE32;&#xE19;&#xE1A;&#xE38;&#xE04;&#xE04;&#xE25;</subfield>
    <subfield code="9">44</subfield>
  </datafield>
  <datafield tag="700" ind1="0" ind2=" ">
    <subfield code="9">24833</subfield>
    <subfield code="a">&#xE2D;&#xE18;&#xE34;&#xE27;&#xE31;&#xE12;&#xE19;&#xE4C; &#xE01;&#xE32;&#xE0D;&#xE08;&#xE19;&#xE27;&#xE13;&#xE34;&#xE0A;&#xE22;&#xE4C;</subfield>
  </datafield>
  <datafield tag="700" ind1="0" ind2=" ">
    <subfield code="9">24834</subfield>
    <subfield code="a">&#xE2A;&#xE21;&#xE1A;&#xE31;&#xE15;&#xE34; &#xE17;&#xE35;&#xE06;&#xE17;&#xE23;&#xE31;&#xE1E;&#xE22;&#xE4C;</subfield>
  </datafield>
  <datafield tag="850" ind1=" " ind2=" ">
    <subfield code="a">NALT</subfield>
  </datafield>
  <datafield tag="856" ind1="4" ind2="0">
    <subfield code="u">https://ebook.parliament.go.th/ebookall/detail/431804</subfield>
    <subfield code="y">E-Book</subfield>
  </datafield>
  <datafield tag="942" ind1=" " ind2=" ">
    <subfield code="c">GB</subfield>
    <subfield code="2">lcc</subfield>
  </datafield>
  <datafield tag="996" ind1=" " ind2=" ">
    <subfield code="a">jamriang.p</subfield>
    <subfield code="b">CATSTF	</subfield>
    <subfield code="c">2024-02-12</subfield>
  </datafield>
  <datafield tag="999" ind1=" " ind2=" ">
    <subfield code="c">70227</subfield>
    <subfield code="d">70227</subfield>
  </datafield>
  <datafield tag="998" ind1=" " ind2=" ">
    <subfield code="j">1020</subfield>
    <subfield code="k"> &#xE19;&#xE32;&#xE07;&#xE08;&#xE33;&#xE40;&#xE23;&#xE35;&#xE22;&#xE07;  &#xE23;&#xE30;&#xE27;&#xE31;&#xE07;&#xE2A;&#xE33;&#xE42;&#xE23;&#xE07;</subfield>
  </datafield>
  <datafield tag="952" ind1=" " ind2=" ">
    <subfield code="0">0</subfield>
    <subfield code="1">0</subfield>
    <subfield code="2">lcc</subfield>
    <subfield code="4">0</subfield>
    <subfield code="7">0</subfield>
    <subfield code="8">CGBL</subfield>
    <subfield code="a">NALT</subfield>
    <subfield code="b">NALT</subfield>
    <subfield code="c">GEN</subfield>
    <subfield code="d">2022-05-31</subfield>
    <subfield code="e">&#xE08;&#xE31;&#xE14;&#xE0B;&#xE37;&#xE49;&#xE2D;&#xE17;&#xE23;&#xE31;&#xE1E;&#xE22;&#xE32;&#xE01;&#xE23;</subfield>
    <subfield code="o">HF 5549.5.M3 &#xE2A;171&#xE01; 2556</subfield>
    <subfield code="p">3961196967</subfield>
    <subfield code="r">2017-06-15 00:00:00</subfield>
    <subfield code="t">&#xE09;.1</subfield>
    <subfield code="w">2017-06-09</subfield>
    <subfield code="y">GB</subfield>
  </datafield>
  <datafield tag="952" ind1=" " ind2=" ">
    <subfield code="0">0</subfield>
    <subfield code="1">0</subfield>
    <subfield code="2">lcc</subfield>
    <subfield code="4">0</subfield>
    <subfield code="7">0</subfield>
    <subfield code="8">CGBL</subfield>
    <subfield code="a">NALT</subfield>
    <subfield code="b">NALT</subfield>
    <subfield code="c">GEN</subfield>
    <subfield code="d">2022-05-31</subfield>
    <subfield code="e">&#xE08;&#xE31;&#xE14;&#xE0B;&#xE37;&#xE49;&#xE2D;&#xE17;&#xE23;&#xE31;&#xE1E;&#xE22;&#xE32;&#xE01;&#xE23;</subfield>
    <subfield code="l">4</subfield>
    <subfield code="m">2</subfield>
    <subfield code="o">HF 5549.5.M3 &#xE2A;171&#xE01; 2556</subfield>
    <subfield code="p">3961196968</subfield>
    <subfield code="r">2025-01-22 00:00:00</subfield>
    <subfield code="s">2025-01-15</subfield>
    <subfield code="t">&#xE09;.2</subfield>
    <subfield code="w">2017-06-09</subfield>
    <subfield code="y">GB</subfield>
  </datafield>
  <datafield tag="952" ind1=" " ind2=" ">
    <subfield code="0">0</subfield>
    <subfield code="1">0</subfield>
    <subfield code="2">lcc</subfield>
    <subfield code="4">0</subfield>
    <subfield code="7">0</subfield>
    <subfield code="8">CERS</subfield>
    <subfield code="a">NALT</subfield>
    <subfield code="b">NALT</subfield>
    <subfield code="c">ONLINE</subfield>
    <subfield code="d">2023-09-29</subfield>
    <subfield code="e">191</subfield>
    <subfield code="r">2023-09-29 00:00:00</subfield>
    <subfield code="w">2023-09-29</subfield>
    <subfield code="y">EBK</subfield>
  </datafield>
</record>
